00658nam a22002177a 450000500170000001000130001702000190003003500130004903700160006204000120007808200170009010000300010724500780013724600060021526000480022127000470026930000260031650000520034265000200039465000260041420170124105927.0 aB-159265 c00a8176295566 haB-159265 bCen Lib/Ret aDPLbEN a330.954bBAI aBaidya Nath Prasad Singh  aIndian economy today :cby Baidya Nath Prasad Singh bchanging contours / b  bDeep & Deep Publications c2004aNew Delhi  bNew Delhi aF-159, rajouri garden e110027 axiii, 686p.c22cm(Hb) aIncludes bibliographical references and index  aIndian economy  aGrowth & development